Beer Slogans Quiz Stats

 Plays Quiz Updated Jan 17, 2013

Challenge
Share
Tweet
Embed
Score 0/12 Timer 03:00
0 Plays Today
Slogan Beer % Correct
The king of beers.Budweiser
88.7%
Australian for beer.Fosters
77.4%
Great Taste...Less Filling!Miller Lite
57.7%
It's beer. HOORAY BEER!Red Stripe
47.1%
The Champagne of Beers.Miller High Life
45%
I Am Canadian.Molson
44.2%
Head for the mountains.Busch
32.9%
It Doesn't Get Any Better Than This!Old Milwaukee
16.8%
The beer that made Milwaukee famous.Schlitz
15.2%
America’s World Class Beer.Samuel Adams
6.9%
Here’s to good friends, tonight is kinda special.Lowenbrau
5.7%
It’s The One Beer To Have When You’re Having More Than One.Schaefer
4%

You're not logged in!

Compare scores with friends on all Sporcle quizzes.
OR
Log In

You Might Also Like...

Show Comments

Extras

Top Quizzes Today


Score Distribution

Your Account Isn't Verified!

In order to create a playlist on Sporcle, you need to verify the email address you used during registration. Go to your Sporcle Settings to finish the process.

Report this User

Report this user for behavior that violates our Community Guidelines.

Details: